000 00929cab a2200265 4500
001 WB2840-42
008 090401t1992 xxu||||| |||| 00| 0 eng d
035 _a(Sirsi) u39063
041 _aeng
245 _aJapan`s banks rescuer
260 _c1992
350 _a0
490 _aFinancial Times
_v12 October 1992, 17&6(4)
520 _aJapanese banks are funding a new body to relieve them of unwanted land deals in order to stimulate the ailing property market. Assesses how the Japanese real estate market is affecting the global property market including Britain.
650 _aBANK LENDING
650 _aGLOBAL PROPERTY MARKET
650 _aINTERNATIONAL PROPERTY MARKET
650 _aJAPAN
650 _aLAND PRICES
650 _aRECESSION
690 _aPROPERTY-COMMERCIAL PROPERTY-COMMERCIAL PROPERTY FINANCE AND INVESTMENT
690 _aOVERSEAS-REST OF THE WORLD
942 _n0
948 _c04/03/1997
999 _c25048
_d25048